Summer Olympic Games - Top countries in each event - Statistics

General Stats
  • This quiz has been taken 836 times
  • The average score is 18 of 30
Answer Stats
Sport Country % Correct
Basketball United States
97%
Athletics United States
95%
Beach Volleyball United States
88%
Boxing United States
86%
Badminton China
83%
Swimming United States
83%
Table Tennis China
81%
Tennis United States
79%
Gymnastics Russia/Soviet Union
77%
Diving United States
76%
Judo Japan
69%
Cycling France
64%
Synchronised Swimming Russia/Soviet Union
60%
Weightlifting Russia/Soviet Union
60%
Wrestling Russia/Soviet Union
58%
Shooting United States
57%
Equestrian Germany
56%
Taekwondo South Korea
55%
Archery South Korea
52%
Canoeing/Kayaking Germany
51%
Volleyball Russia/Soviet Union
51%
Fencing Italy
50%
Sailing Great Britain
47%
Rowing Germany
44%
Handball Russia/Soviet Union
44%
Water Polo Hungary
41%
Hockey (field) India
41%
Football Hungary
19%
Modern Pentathlon Hungary
15%
Triathlon Switzerland
9%
No matching quizzes found
Score Distribution
Percent of People with Each Score
Percentile by Number Answered
Your Score History
You have not taken this quiz